000
00479nam a2200181Ia 4500
008
100917s9999 xx 000 0 und d
082
_b
22104
100
_a
कर्णिक मधु मंगेश
245
_a
गुंजा
260
_b
मॅजेस्टिक बुक स्टॅाल
_c
1965
300
_a
169
365
_b
5
520
_a
कथा
630
_a
गुंजा
650
_a
कथा
730
_a
गुंजा
942
_c
BOOK
999
_c
627498
_d
627495